[Event "Winnipeg op U1800"]
[Site "Winnipeg CAN"]
[Date "2025.01.05"]
[Round "5.13"]
[White "Hansima, Charitha"]
[Black "Ranario, MC Jones"]
[Result "0-1"]
[WhiteElo "1788"]
[BlackElo "1616"]
[WhiteFideId "-1"]
[WhiteFideId "-1"]
[PlyCount "190"]
[GameId "2140241293573532"]
[EventDate "2025.01.03"]
[EventType "swiss"]
[EventRounds "5"]
[EventCountry "CAN"]

1. c4 Nf6 2. g3 g6 3. Bg2 Bg7 4. Nc3 c6 5. d4 d5 6. b3 O-O 7. Nf3 Bf5 8. O-O Qc8 9. Ba3 Re8 10. Rc1 Bh6 11. e3 dxc4 12. bxc4 Bh3 13. Ne5 Bxg2 14. Kxg2 Nbd7 15. Nxd7 Qxd7 16. Qf3 Qg4 17. Rb1 Qxf3+ 18. Kxf3 b6 19. e4 Bd2 20. Bb2 Red8 21. Ne2 Nd7 22. e5 e6 23. Rfd1 Bb4 24. Ke4 f5+ 25. Kf3 c5 26. a3 Ba5 27. dxc5 Nxc5 28. Nf4 Rd2 29. Rxd2 Bxd2 30. Rd1 Bxf4 31. Kxf4 h6 32. h4 Kf7 33. Bc3 a5 34. f3 Ke7 35. Rd6 Rc8 36. Rxb6 Nd7 37. Bb4+ axb4 38. Rxb4 Rc5 39. Ke3 Rxe5+ 40. Kd4 Re1 41. Rb5 g5 42. hxg5 hxg5 43. g4 e5+ 44. Kd3 fxg4 45. fxg4 Rf1 46. Ra5 Rf4 47. c5 Rxg4 48. c6 Rg3+ 49. Ke4 Nb6 50. Ra7+ Kd6 51. a4 Nxa4 52. c7 Nb6 53. Rb7 Nc8 54. Kf5 Kc6 55. Rb1 Kxc7 56. Re1 Kd6 57. Rd1+ Ke7 58. Kxe5 Nb6 59. Kf5 Nd7 60. Rh1 Nf8 61. Rh5 Ne6 62. Rh7+ Kd6 63. Rh6 Re3 64. Kg4 Ke5 65. Rh1 Re4+ 66. Kg3 Kf5 67. Rf1+ Nf4 68. Ra1 Ne2+ 69. Kf3 g4+ 70. Kg2 Kg5 71. Ra8 Nf4+ 72. Kg3 Re3+ 73. Kf2 Re2+ 74. Kf1 Kh4 75. Rf8 Re4 76. Kf2 Nh5 77. Kg2 Re2+ 78. Kf1 Ra2 79. Re8 Kh3 80. Re3+ g3 81. Re1 Rf2+ 82. Kg1 Nf6 83. Re7 Kg4 84. Rg7+ Kf3 85. Rf7 Ke3 86. Rg7 Ne4 87. Re7 Rd2 88. Rf7 g2 89. Rg7 Kf3 90. Rf7+ Kg4 91. Rg7+ Ng5 92. Rb7 Kf4 93. Rb3 Nf3+ 94. Rxf3+ Kxf3 95. Kh2 g1=Q+ 0-1

[Event "Winnipeg op U1800"]
[Site "Winnipeg CAN"]
[Date "2025.01.05"]
[Round "5.14"]
[White "Kumbharathi, Harsha"]
[Black "Remillard, John"]
[Result "0-1"]
[WhiteElo "1654"]
[BlackElo "1629"]
[WhiteFideId "-1"]
[WhiteFideId "-1"]
[PlyCount "46"]
[GameId "2140241293573533"]
[EventDate "2025.01.03"]
[EventType "swiss"]
[EventRounds "5"]
[EventCountry "CAN"]

1. e4 d6 2. d4 Nf6 3. Nc3 g6 4. Bg5 Bg7 5. Qd2 O-O 6. Bh6 Ng4 7. Bxg7 Kxg7 8. h3 Nf6 9. O-O-O c6 10. Nf3 Qc7 11. Be2 Nbd7 12. Nh2 b5 13. Ng4 b4 14. Qh6+ Kg8 15. Nb1 Qa5 16. Bc4 Ba6 17. Bb3 c5 18. e5 c4 19. exf6 exf6 20. Nd2 cxb3 21. Ne4 Qf5 22. Ngxf6+ Nxf6 23. Ng5 Qxc2# 0-1

[Event "Winnipeg op U1800"]
[Site "Winnipeg CAN"]
[Date "2025.01.05"]
[Round "5.15"]
[White "Guzman, Sophia"]
[Black "Klokow, John"]
[Result "1/2-1/2"]
[WhiteElo "1534"]
[BlackElo "1785"]
[WhiteFideId "-1"]
[WhiteFideId "-1"]
[PlyCount "120"]
[GameId "2140241293581726"]
[EventDate "2025.01.03"]
[EventType "swiss"]
[EventRounds "5"]
[EventCountry "CAN"]

1. e4 e5 2. Nf3 Nc6 3. Bc4 Nf6 4. d4 exd4 5. O-O Nxe4 6. Re1 d5 7. Bxd5 Qxd5 8. Nc3 Qh5 9. Nxe4 Be6 10. Neg5 O-O-O 11. Nxe6 fxe6 12. Rxe6 Bd6 13. Bg5 Rdf8 14. h3 Rxf3 15. Qxf3 Qxg5 16. Re4 Rf8 17. Qg4+ Qxg4 18. Rxg4 Be5 19. Re4 Rf4 20. Rxf4 Bxf4 21. Re1 Be5 22. Re4 Kd7 23. f4 Bf6 24. g4 h6 25. Kg2 Ne7 26. g5 hxg5 27. fxg5 Bxg5 28. Rxd4+ Ke6 29. Rb4 b6 30. Rc4 Nd5 31. Kf3 Bf6 32. b4 Be5 33. a4 Bc3 34. b5 Be5 35. Rc6+ Bd6 36. h4 Ke5 37. Rc4 Nf6 38. Rc3 Kd5 39. Rc6 Nd7 40. Rc3 Nc5 41. Ra3 Kc4 42. Ke2 Kb4 43. Rf3 Kxa4 44. Rf7 Be5 45. Re7 Bf6 46. Rxc7 Kxb5 47. Rxa7 Kb4 48. h5 b5 49. Rf7 Bc3 50. Rf4+ Ka3 51. Rf5 Kb4 52. Rf4+ Ka5 53. Rf5 Kb6 54. Rg5 b4 55. Rg6+ Kb5 56. Rg5 Kc4 57. Rg4+ Bd4 58. Kd1 Ne6 59. Rh4 Kd5 60. h6 gxh6 1/2-1/2

[Event "Winnipeg op U1800"]
[Site "Winnipeg CAN"]
[Date "2025.01.05"]
[Round "5.16"]
[White "Towns, Barry"]
[Black "Villamar, Flyn"]
[Result "0-1"]
[WhiteElo "1654"]
[BlackElo "1575"]
[WhiteFideId "-1"]
[WhiteFideId "-1"]
[PlyCount "70"]
[GameId "2140241293581727"]
[EventDate "2025.01.03"]
[EventType "swiss"]
[EventRounds "5"]
[EventCountry "CAN"]

1. e4 c6 2. d4 d5 3. Nc3 dxe4 4. Nxe4 Nf6 5. Nxf6+ exf6 6. Nf3 Bd6 7. Bd3 O-O 8. O-O Re8 9. Be3 Bg4 10. h3 Bh5 11. c4 Nd7 12. g4 Bg6 13. Qc2 Qc7 14. c5 Bf4 15. Rae1 Bxe3 16. Rxe3 Rxe3 17. fxe3 Qg3+ 18. Kh1 Qxh3+ 19. Nh2 Qxe3 20. Rf3 Qxd4 21. Bxg6 hxg6 22. Rd3 Qxc5 23. Qb3 Nb6 24. a4 Qc4 25. Qd1 Qe4+ 26. Kg1 Nxa4 27. Rd4 Qe3+ 28. Kg2 Nxb2 29. Rd8+ Rxd8 30. Qxd8+ Kh7 31. Nf3 Nd3 32. g5 Qf2+ 33. Kh3 Qxf3+ 34. Kh4 fxg5+ 35. Kxg5 Qf4# 0-1

[Event "Winnipeg op U1800"]
[Site "Winnipeg CAN"]
[Date "2025.01.05"]
[Round "5.17"]
[White "Singh, Arshveer"]
[Black "Balamanage, Dineth"]
[Result "0-1"]
[WhiteElo "1277"]
[BlackElo "1651"]
[WhiteFideId "-1"]
[WhiteFideId "-1"]
[PlyCount "60"]
[GameId "2140241293581728"]
[EventDate "2025.01.03"]
[EventType "swiss"]
[EventRounds "5"]
[EventCountry "CAN"]

1. e4 c5 2. Nf3 d6 3. Bc4 Nc6 4. Bb5 g6 5. O-O Bg7 6. d4 cxd4 7. Nxd4 Bd7 8. Be3 Nf6 9. Nc3 O-O 10. Nf3 a6 11. Ba4 Rc8 12. Bxc6 Bxc6 13. Nd2 Nd7 14. f3 Qa5 15. Nd5 Bxd5 16. exd5 Qxd5 17. Qc1 Qc6 18. c3 Nc5 19. Nb3 Nxb3 20. axb3 e6 21. Rd1 d5 22. Ra4 b5 23. Rh4 Rfe8 24. Bh6 Qc5+ 25. Kh1 Qf8 26. Qf4 Bxh6 27. Rxh6 Qg7 28. Rd4 g5 29. Qf6 Qxf6 30. Rxf6 Kg7 0-1

[Event "Winnipeg op U1800"]
[Site "Winnipeg CAN"]
[Date "2025.01.05"]
[Round "5.19"]
[White "Pacin, Ondrej"]
[Black "Trueman, Francis"]
[Result "0-1"]
[WhiteElo "1230"]
[BlackElo "1588"]
[WhiteFideId "-1"]
[WhiteFideId "-1"]
[PlyCount "100"]
[GameId "2140241293581730"]
[EventDate "2025.01.03"]
[EventType "swiss"]
[EventRounds "5"]
[EventCountry "CAN"]

1. e4 d6 2. d4 Nd7 3. Nc3 e5 4. dxe5 dxe5 5. a3 Ngf6 6. Be3 c6 7. Nf3 Be7 8. Be2 O-O 9. O-O Qc7 10. Bc4 Re8 11. Qe2 Ng4 12. Bg5 Ngf6 13. h3 Nf8 14. b4 Ne6 15. Qe3 Nxg5 16. Nxg5 Rf8 17. Rad1 h5 18. Ne2 Nh7 19. Bxf7+ Rxf7 20. Nxh7 Kxh7 21. Ng3 g6 22. Ne2 Be6 23. Qc3 Rd8 24. Rde1 Rdf8 25. Rd1 Bf6 26. Rd2 Bg7 27. Nc1 Qb6 28. Nd3 Qd4 29. Qxd4 exd4 30. Nc5 Bc4 31. Nd3 Bxd3 32. cxd3 Be5 33. f3 b5 34. Rc2 Rc8 35. Rc5 Bd6 36. Rc2 Bf4 37. g4 hxg4 38. hxg4 Kg8 39. Kg2 Rh7 40. Rh1 Rxh1 41. Kxh1 Kf7 42. Kg2 Ke6 43. Kf2 Kd6 44. Kg2 g5 45. Rc5 Rh8 46. Rf5 Rh2+ 47. Kg1 Rd2 48. Rf6+ Kc7 49. Rf5 Rxd3 50. Rf7+ Kb6 0-1

[Event "Winnipeg op U1800"]
[Site "Winnipeg CAN"]
[Date "2025.01.05"]
[Round "5.20"]
[White "Kuryliw, Adrian"]
[Black "Holoborodko, Ihor"]
[Result "1/2-1/2"]
[WhiteElo "1669"]
[BlackElo "1208"]
[WhiteFideId "-1"]
[WhiteFideId "-1"]
[PlyCount "140"]
[GameId "2140241293581731"]
[EventDate "2025.01.03"]
[EventType "swiss"]
[EventRounds "5"]
[EventCountry "CAN"]

1. d4 g6 2. Bf4 Bg7 3. Nc3 c5 4. e3 cxd4 5. exd4 Qb6 6. Nd5 Qa5+ 7. Nc3 Qb4 8. Nf3 Qxb2 9. Nd5 Kd8 10. Qc1 Qxc1+ 11. Rxc1 d6 12. Ng5 Be6 13. c4 h6 14. Nf3 Bxd5 15. cxd5 Nf6 16. Bc4 Nbd7 17. O-O Nb6 18. Bb3 Nfxd5 19. Be3 Rc8 20. Rxc8+ Kxc8 21. Rc1+ Kd7 22. a4 Nxe3 23. fxe3 e6 24. a5 Na8 25. Ba4+ Ke7 26. Kf2 b6 27. axb6 axb6 28. Ke2 Rb8 29. Bb5 Rb7 30. Bc6 Rb8 31. Bxa8 Rxa8 32. Rc7+ Kf6 33. Rc6 Ra2+ 34. Nd2 d5 35. Rxb6 Kf5 36. Rb7 Kf6 37. Ke1 h5 38. h3 Bh6 39. Ke2 Ra3 40. Rb3 Rxb3 41. Nxb3 e5 42. Nc5 exd4 43. exd4 Kf5 44. Kf3 g5 45. g4+ Kg6 46. Nd7 Bg7 47. Ke3 f5 48. Nb6 fxg4 49. hxg4 hxg4 50. Nxd5 g3 51. Nc3 Kf5 52. Ne2 Kg4 53. Ng1 g2 54. d5 Kg3 55. d6 Bf6 56. d7 g4 57. Ne2+ Kh2 58. Kf2 g3+ 59. Kf3 Bd8 60. Kg4 Bc7 61. Kf3 Kh3 62. Ng1+ Kh2 63. Ne2 Kh1 64. d8=Q Bxd8 65. Kxg3 Bc7+ 66. Kh3 Bd6 67. Kg4 Kh2 68. Kf3 Bc5 69. Kg4 Bb6 70. Kf3 Kh3 1/2-1/2

[Event "Winnipeg op U1800"]
[Site "Winnipeg CAN"]
[Date "2025.01.05"]
[Round "5.21"]
[White "Zhang, Oscar"]
[Black "Stewart, Michael"]
[Result "1-0"]
[WhiteElo "1443"]
[BlackElo "1480"]
[WhiteFideId "-1"]
[WhiteFideId "-1"]
[PlyCount "59"]
[GameId "2140241293581732"]
[EventDate "2025.01.03"]
[EventType "swiss"]
[EventRounds "5"]
[EventCountry "CAN"]

1. e4 c5 2. d4 cxd4 3. Qxd4 Nc6 4. Qd1 Nf6 5. Nc3 e6 6. Bd3 d5 7. exd5 Nxd5 8. Bd2 Be7 9. Nf3 h6 10. O-O h5 11. Nxd5 exd5 12. h3 Rg8 13. Re1 Be6 14. Bb5 Qc7 15. Nd4 Bd7 16. Bxc6 bxc6 17. Bc3 Qd6 18. Qf3 g6 19. Re2 f5 20. Rae1 Rg7 21. Nb5 Qb8 22. Bxg7 Qxb5 23. Rxe7+ Kd8 24. Bf6 Kc7 25. Qf4+ Kc8 26. Rxd7 Qa5 27. Rd8+ Qxd8 28. Bxd8 Kxd8 29. Qd6+ Kc8 30. Qxc6+ 1-0

[Event "Winnipeg op U1800"]
[Site "Winnipeg CAN"]
[Date "2025.01.05"]
[Round "5.22"]
[White "Hui, Zenas"]
[Black "Pacin, Stefan"]
[Result "1/2-1/2"]
[WhiteElo "1190"]
[BlackElo "1434"]
[WhiteFideId "-1"]
[WhiteFideId "-1"]
[PlyCount "74"]
[GameId "2140241293581733"]
[EventDate "2025.01.03"]
[EventType "swiss"]
[EventRounds "5"]
[EventCountry "CAN"]

1. d4 Nf6 2. Nf3 d6 3. Bf4 g6 4. e3 Bg7 5. Nc3 O-O 6. Bd3 Be6 7. Ng5 Qd7 8. Nxe6 Qxe6 9. O-O c5 10. Qf3 Qd7 11. d5 a6 12. a4 Qg4 13. Qxg4 Nxg4 14. f3 Ne5 15. Bxe5 Bxe5 16. f4 Bg7 17. Ne4 Nd7 18. c4 Rab8 19. Ra2 Rfe8 20. b3 Nf6 21. Nxf6+ Bxf6 22. f5 Bg7 23. Raf2 Bh6 24. Rf3 a5 25. fxg6 fxg6 26. g4 e6 27. e4 exd5 28. exd5 Re3 29. Rxe3 Bxe3+ 30. Kg2 Bd4 31. Kg3 Be5+ 32. Kg2 Rf8 33. Rxf8+ Kxf8 34. h3 Kf7 35. g5 Kg7 36. Kf3 h6 37. h4 h5 1/2-1/2

[Event "Winnipeg op U1800"]
[Site "Winnipeg CAN"]
[Date "2025.01.05"]
[Round "5.23"]
[White "Cobb, Kyle"]
[Black "Iyer, Pia"]
[Result "1-0"]
[WhiteElo "1108"]
[BlackElo "1270"]
[WhiteFideId "-1"]
[WhiteFideId "-1"]
[PlyCount "67"]
[GameId "2140241293581734"]
[EventDate "2025.01.03"]
[EventType "swiss"]
[EventRounds "5"]
[EventCountry "CAN"]

1. e4 e5 2. Nf3 Nc6 3. Bc4 Nf6 4. d4 exd4 5. e5 Ne4 6. O-O Bc5 7. Nbd2 Nxd2 8. Bxd2 d6 9. Ng5 d5 10. Qf3 O-O 11. Bxd5 Be6 12. Nxe6 fxe6 13. Bxe6+ Kh8 14. Qg3 Qe7 15. Qh3 Rfe8 16. Bf5 g6 17. Bxg6 Qg7 18. Bxe8 Rxe8 19. c3 Rg8 20. e6 Be7 21. cxd4 Nxd4 22. Bc3 Ne2+ 23. Kh1 Nxc3 24. bxc3 Bh4 25. g3 Bg5 26. Qf5 Bf6 27. Rab1 Bxc3 28. Rxb7 Qe7 29. Rxa7 Qd6 30. Qf7 Qd5+ 31. Kg1 Rg6 32. Rxc7 Qxa2 33. Rc8+ Rg8 34. Qxg8# 1-0

[Event "Winter Seniors"]
[Site "Winnipeg CAN"]
[Date "2025.01.17"]
[Round "1.1"]
[White "Boron, Anthony"]
[Black "Rutter, Blair"]
[Result "1-0"]
[WhiteElo "2031"]
[BlackElo "1892"]
[WhiteFideId "-1"]
[WhiteFideId "-1"]
[PlyCount "143"]
[GameId "2142984842367249"]
[EventDate "2025.01.17"]
[EventType "swiss"]
[EventRounds "4"]
[EventCountry "CAN"]

1. d4 Nf6 2. Bg5 e6 3. Nd2 Be7 4. Ngf3 d5 5. e3 Nbd7 6. c4 O-O 7. Bd3 dxc4 8. Bxc4 c6 9. O-O Nd5 10. Bxe7 Qxe7 11. a3 e5 12. Qc2 Kh8 13. Rad1 f5 14. dxe5 Nxe5 15. Nxe5 Qxe5 16. Nf3 Qe4 17. Qxe4 fxe4 18. Bxd5 cxd5 19. Nd4 Bg4 20. Rc1 Rac8 21. Rfe1 h6 22. Nb5 a6 23. Nc3 Be6 24. Na4 Rxc1 25. Rxc1 Rc8 26. Rxc8+ Bxc8 27. Kf1 g5 28. Ke2 Kg7 29. Nc3 Be6 30. Kd2 Kf6 31. Ne2 Ke5 32. Kc3 b6 33. Nd4 Bd7 34. b3 Be8 35. Nc2 Bc6 36. a4 a5 37. Nd4 Bd7 38. h3 h5 39. Ne2 b5 40. axb5 Bxb5 41. Nd4 Bd7 42. Kd2 Be8 43. Ne2 Bd7 44. Ng3 Be8 45. Ne2 Bd7 46. Nd4 Be8 47. Kc3 Bd7 48. b4 axb4+ 49. Kxb4 Kd6 50. Kc3 Ke5 51. Kd2 Be8 52. g3 g4 53. h4 Bd7 54. Kc3 Kd6 55. Ne2 Be8 56. Kd4 Bf7 57. Nf4 Kc6 58. Ke5 Kc5 59. Kf6 Be8 60. Ke7 Bb5 61. Nxh5 d4 62. exd4+ Kxd4 63. Nf4 e3 64. fxe3+ Kxe3 65. h5 Bc6 66. h6 Be4 67. Kf6 Kf3 68. Ng6 Kxg3 69. h7 Kf2 70. h8=Q Bxg6 71. Qh2+ Kf3 72. Kxg6 1-0

[Event "Winter Seniors"]
[Site "Winnipeg CAN"]
[Date "2025.01.17"]
[Round "1.2"]
[White "MacPherson, Al"]
[Black "Babb, Jeff"]
[Result "0-1"]
[WhiteElo "1814"]
[BlackElo "1997"]
[WhiteFideId "-1"]
[WhiteFideId "-1"]
[PlyCount "60"]
[GameId "2142984842367250"]
[EventDate "2025.01.17"]
[EventType "swiss"]
[EventRounds "4"]
[EventCountry "CAN"]

1. d4 Nf6 2. c4 c5 3. d5 b5 4. cxb5 a6 5. bxa6 g6 6. Nc3 Bxa6 7. e4 Bxf1 8. Kxf1 d6 9. g3 Bg7 10. Kg2 O-O 11. Nf3 Ng4 12. a4 Nd7 13. Qc2 Qa5 14. Bd2 Qa6 15. Nb5 Rfc8 16. Bc3 Nge5 17. Nxe5 Nxe5 18. Rhe1 c4 19. Re2 Rc5 20. Nd4 Qb7 21. a5 Nd3 22. Nc6 Bxc3 23. Qxc3 e5 24. Ra4 Qb3 25. Rxc4 Qxc4 26. Qxc4 Rxc4 27. b3 Rc1 28. Ra2 Rb1 29. a6 Rxb3 30. a7 Nb4 0-1

[Event "Winter Seniors"]
[Site "Winnipeg CAN"]
[Date "2025.01.17"]
[Round "1.3"]
[White "Lauritson, Jim"]
[Black "Remillard, John"]
[Result "0-1"]
[WhiteElo "1935"]
[BlackElo "1655"]
[WhiteFideId "-1"]
[WhiteFideId "-1"]
[PlyCount "62"]
[GameId "2142984842367251"]
[EventDate "2025.01.17"]
[EventType "swiss"]
[EventRounds "4"]
[EventCountry "CAN"]

1. d4 Nf6 2. c4 d6 3. Nc3 e6 4. e4 Be7 5. Nf3 O-O 6. Be2 Nfd7 7. O-O c5 8. Be3 Nc6 9. d5 Nce5 10. Nxe5 Nxe5 11. f4 Ng6 12. Qd2 f5 13. Rad1 fxe4 14. Nxe4 e5 15. fxe5 Nxe5 16. Ng5 Ng4 17. Bxg4 Bxg4 18. Ne6 Rxf1+ 19. Rxf1 Qd7 20. Ng5 Rf8 21. Rxf8+ Bxf8 22. h3 h6 23. Ne4 Bf5 24. Ng3 g5 25. Bxg5 Bg7 26. Bxh6 Bd4+ 27. Kh1 Kh7 28. Qg5 Bxh3 29. Qh4 Qg4 30. Qxh3 Qd1+ 31. Kh2 Qg1# 0-1

[Event "Winter Seniors"]
[Site "Winnipeg CAN"]
[Date "2025.01.24"]
[Round "2.1"]
[White "Babb, Jeff"]
[Black "Boron, Anthony"]
[Result "1-0"]
[WhiteElo "1997"]
[BlackElo "2031"]
[WhiteFideId "-1"]
[WhiteFideId "-1"]
[PlyCount "84"]
[GameId "2142984842367252"]
[EventDate "2025.01.17"]
[EventType "swiss"]
[EventRounds "4"]
[EventCountry "CAN"]

1. f4 Nf6 2. Nf3 c5 3. g3 Nc6 4. Bg2 g6 5. d3 d5 6. c3 Bg7 7. Na3 Rb8 8. Ne5 O-O 9. O-O Nxe5 10. fxe5 Ng4 11. d4 cxd4 12. cxd4 Qb6 13. e3 Be6 14. h3 Nh6 15. Qb3 Qxb3 16. axb3 Rfc8 17. Nb5 a6 18. Nc3 Rd8 19. Ra5 Rbc8 20. g4 b5 21. Rxa6 b4 22. Na4 Ra8 23. Rb6 Rab8 24. Bd2 Rxb6 25. Nxb6 f6 26. Bxb4 fxe5 27. Bxe7 Rb8 28. Bc5 Nf7 29. b4 e4 30. Ra1 h5 31. gxh5 gxh5 32. Ra8 Rxa8 33. Nxa8 Bc8 34. Nc7 Bb7 35. Kf2 Bf6 36. Bf1 Ng5 37. Ne8 Bd8 38. Nd6 Bc6 39. b5 Bd7 40. b6 Nf3 41. b7 Bc7 42. Nc8 Bc6 1-0

[Event "Winter Seniors"]
[Site "Winnipeg CAN"]
[Date "2025.01.24"]
[Round "2.2"]
[White "Remillard, John"]
[Black "Kuryliw, Ray"]
[Result "0-1"]
[WhiteElo "1655"]
[BlackElo "1862"]
[WhiteFideId "-1"]
[WhiteFideId "-1"]
[PlyCount "72"]
[GameId "2142984842367253"]
[EventDate "2025.01.17"]
[EventType "swiss"]
[EventRounds "4"]
[EventCountry "CAN"]

1. Nf3 d5 2. e3 Bg4 3. c4 c6 4. cxd5 cxd5 5. Qa4+ Bd7 6. Bb5 Nc6 7. Nd4 Nxd4 8. Bxd7+ Qxd7 9. Qxd7+ Kxd7 10. exd4 g6 11. Nc3 e6 12. d3 Bg7 13. Be3 Ne7 14. Kd2 Nf5 15. Ne2 h5 16. Rac1 Rac8 17. Rc3 Bf6 18. Rhc1 Rxc3 19. bxc3 Nh4 20. Rg1 Rc8 21. Bf4 Rc6 22. Bg3 Ra6 23. Nc1 Nf5 24. Be5 Bg5+ 25. f4 Be7 26. g4 hxg4 27. Rxg4 Rc6 28. Bb8 a6 29. Nb3 b6 30. a4 a5 31. Rg1 Rc8 32. Ba7 Kc6 33. Rb1 Rh8 34. c4 Rxh2+ 35. Kc3 Ne3 36. Nd2 Bb4+ 0-1

[Event "Winter Seniors"]
[Site "Winnipeg CAN"]
[Date "2025.01.24"]
[Round "2.3"]
[White "Maendel, Chris"]
[Black "Lauritson, Jim"]
[Result "0-1"]
[WhiteElo "1604"]
[BlackElo "1935"]
[WhiteFideId "-1"]
[WhiteFideId "-1"]
[PlyCount "56"]
[GameId "2142984842367254"]
[EventDate "2025.01.17"]
[EventType "swiss"]
[EventRounds "4"]
[EventCountry "CAN"]

1. e4 c5 2. b3 Nc6 3. Bb2 e5 4. Nf3 d6 5. h3 Nf6 6. d3 g6 7. Nc3 Bg7 8. Be2 O-O 9. O-O d5 10. exd5 Nxd5 11. Nxd5 Qxd5 12. Nh2 Be6 13. Bf3 Qd8 14. Re1 Bd5 15. Bxd5 Qxd5 16. Ng4 Nd4 17. Ne3 Qd7 18. c3 Nc6 19. Nc4 Rad8 20. Re3 b5 21. Na3 a6 22. Qe2 Rfe8 23. Rd1 Bh6 24. Rg3 f5 25. h4 f4 26. Rh3 e4 27. Qf1 Ne5 28. Kh1 Nxd3 0-1

[Event "Winter Seniors"]
[Site "Winnipeg CAN"]
[Date "2025.01.24"]
[Round "2.4"]
[White "Rutter, Blair"]
[Black "MacPherson, Al"]
[Result "0-1"]
[WhiteElo "1892"]
[BlackElo "1814"]
[WhiteFideId "-1"]
[WhiteFideId "-1"]
[PlyCount "54"]
[GameId "2142984842367255"]
[EventDate "2025.01.17"]
[EventType "swiss"]
[EventRounds "4"]
[EventCountry "CAN"]

1. c4 c5 2. g3 Nf6 3. Bg2 d5 4. cxd5 Nxd5 5. d3 e5 6. Nf3 Nc6 7. O-O Be7 8. Nc3 Nc7 9. Be3 O-O 10. Rc1 Bd7 11. Ne4 b6 12. Bg5 f6 13. Bd2 Rc8 14. Ne1 Nd4 15. f4 Bg4 16. Nf3 Nd5 17. Nxd4 exd4 18. f5 Qd7 19. Rf2 Bxf5 20. Rxf5 Qxf5 21. Qb3 Kh8 22. Rf1 Qd7 23. Nxc5 Rxc5 24. Bxd5 Qxd5 25. Qa4 Rc7 26. Rf4 Qc6 27. Bb4 Qxa4 0-1

[Event "Winter Seniors"]
[Site "Winnipeg CAN"]
[Date "2025.01.31"]
[Round "3.1"]
[White "Kuryliw, Ray"]
[Black "Babb, Jeff"]
[Result "1/2-1/2"]
[WhiteElo "1862"]
[BlackElo "1997"]
[WhiteFideId "-1"]
[WhiteFideId "-1"]
[PlyCount "138"]
[GameId "2142984842367256"]
[EventDate "2025.01.17"]
[EventType "swiss"]
[EventRounds "4"]
[EventCountry "CAN"]

1. d4 c5 2. d5 Nf6 3. c4 b5 4. cxb5 a6 5. bxa6 g6 6. Nc3 Bxa6 7. e4 Bxf1 8. Kxf1 d6 9. h3 Bg7 10. Nge2 O-O 11. Qc2 Na6 12. Kg1 Qb6 13. a3 Nb4 14. Qb1 Qa6 15. Bd2 Qd3 16. Qxd3 Nxd3 17. Ra2 Rfb8 18. Bc1 Nd7 19. f3 Nxc1 20. Nxc1 Bxc3 21. bxc3 Rb1 22. Kh2 Nb6 23. Ne2 Rb3 24. Rha1 Ra4 25. Kg1 f5 26. exf5 gxf5 27. Ng3 f4 28. Ne2 Nxd5 29. c4 Rxc4 30. a4 Nb4 31. Rd2 Na6 32. Rda2 Rcb4 33. Kh2 Kf7 34. a5 Re3 35. Rc1 d5 36. Rcc2 e6 37. Rd2 Ke7 38. Kg1 Kd7 39. Kf2 Kc6 40. Nxf4 Rbb3 41. Re2 d4 42. Nxe6 Ra3 43. Rxa3 Rxa3 44. Ng5 Rxa5 45. Nxh7 d3 46. Rd2 c4 47. Nf6 Nb4 48. Ne4 Nd5 49. h4 Ra8 50. g4 Rh8 51. h5 Rh7 52. Rd1 Rd7 53. h6 c3 54. Nxc3 Nxc3 55. Rxd3 Rxd3 56. h7 Rd2+ 57. Kg3 Ne2+ 58. Kh4 Nd4 59. Kh5 Rh2+ 60. Kg6 Ne6 61. g5 Kd6 62. f4 Nxf4+ 63. Kg7 Ne6+ 64. Kg8 Rf2 65. h8=Q Rf8+ 66. Kh7 Nxg5+ 67. Kg7 Ne6+ 68. Kh7 Ng5+ 69. Kg7 Ne6+ 1/2-1/2

[Event "Winter Seniors"]
[Site "Winnipeg CAN"]
[Date "2025.01.31"]
[Round "3.2"]
[White "Boron, Anthony"]
[Black "Remillard, John"]
[Result "1-0"]
[WhiteElo "2031"]
[BlackElo "1655"]
[WhiteFideId "-1"]
[WhiteFideId "-1"]
[PlyCount "89"]
[GameId "2142984842367257"]
[EventDate "2025.01.17"]
[EventType "swiss"]
[EventRounds "4"]
[EventCountry "CAN"]

1. e4 d6 2. d4 Nf6 3. Nc3 g6 4. Bg5 Bg7 5. e5 Nfd7 6. f4 f6 7. exf6 Nxf6 8. Bc4 c6 9. a3 d5 10. Be2 O-O 11. Nf3 Nbd7 12. O-O Ng4 13. Qd2 Bf6 14. h3 Bxg5 15. fxg5 Ndf6 16. gxf6 Nxf6 17. Ne5 Kg7 18. Rf4 g5 19. Rf3 h6 20. Rg3 Nh7 21. h4 Bf5 22. hxg5 hxg5 23. Rf1 e6 24. Nd1 Qe7 25. Ne3 Rac8 26. Bd3 Bxd3 27. Rxf8 Rxf8 28. Qxd3 Rf6 29. Rh3 Nf8 30. N5g4 Rf4 31. Qe2 Qf7 32. Ne5 Qf6 33. c3 c5 34. Qh5 Rh4 35. Rxh4 gxh4 36. Qg4+ Kh6 37. Qf3 Qxf3 38. Nxf3 cxd4 39. Nxd4 Kg5 40. Nf3+ Kf4 41. Kf2 Ng6 42. Nxh4 Ne5 43. Ke2 Kg5 44. Nf3+ Kf4 45. g3+ 1-0

[Event "Winter Seniors"]
[Site "Winnipeg CAN"]
[Date "2025.01.31"]
[Round "3.3"]
[White "Lauritson, Jim"]
[Black "MacPherson, Al"]
[Result "0-1"]
[WhiteElo "1935"]
[BlackElo "1814"]
[WhiteFideId "-1"]
[WhiteFideId "-1"]
[PlyCount "80"]
[GameId "2142984842367258"]
[EventDate "2025.01.17"]
[EventType "swiss"]
[EventRounds "4"]
[EventCountry "CAN"]

1. d4 d5 2. c4 e6 3. Nc3 Nf6 4. cxd5 exd5 5. Bg5 Be7 6. e3 c6 7. Bd3 O-O 8. Qc2 Nbd7 9. Nge2 Re8 10. O-O Nf8 11. Rae1 Ne6 12. Bxf6 Bxf6 13. Bxh7+ Kh8 14. Bd3 Nf8 15. Ng3 g6 16. b4 Kg7 17. b5 Ne6 18. bxc6 bxc6 19. Na4 Bd7 20. Nc5 Nxc5 21. Qxc5 Rh8 22. e4 Be7 23. Qc3 Bd6 24. e5 Qh4 25. f4 Qxh2+ 26. Kf2 Qh4 27. Qc1 Bb4 28. Rd1 Qe7 29. f5 Qh4 30. f6+ Kg8 31. Be2 Qh6 32. Qxh6 Rxh6 33. Rb1 a5 34. Rb3 c5 35. Bf3 Be6 36. Ke3 cxd4+ 37. Kxd4 Rh4+ 38. Kd3 Rc8 39. a3 d4 40. Rbb1 Bc4+ 0-1

[Event "Winter Seniors"]
[Site "Winnipeg CAN"]
[Date "2025.01.31"]
[Round "3.4"]
[White "Rutter, Blair"]
[Black "Maendel, Chris"]
[Result "1-0"]
[WhiteElo "1892"]
[BlackElo "1604"]
[WhiteFideId "-1"]
[WhiteFideId "-1"]
[PlyCount "61"]
[GameId "2142984842367259"]
[EventDate "2025.01.17"]
[EventType "swiss"]
[EventRounds "4"]
[EventCountry "CAN"]

1. c4 e5 2. g3 c6 3. Bg2 Nf6 4. Nc3 g6 5. e4 Bg7 6. d3 O-O 7. Nge2 d6 8. O-O Re8 9. h3 Nbd7 10. Be3 Nb6 11. Kh2 d5 12. cxd5 cxd5 13. Bxb6 Qxb6 14. b3 Rd8 15. Rc1 Be6 16. f4 Bh6 17. Qe1 Nh5 18. f5 gxf5 19. exf5 Bc8 20. Nxd5 Rxd5 21. Bxd5 Bxc1 22. Qxc1 Qf6 23. g4 Nf4 24. Nxf4 exf4 25. Qxf4 a5 26. g5 Qe7 27. Rf2 Ra6 28. g6 Rf6 29. gxf7+ Kh8 30. Rg2 Rxf7 31. Bxf7 1-0

[Event "Winter Seniors"]
[Site "Winnipeg CAN"]
[Date "2025.02.07"]
[Round "4.1"]
[White "Babb, Jeff"]
[Black "Lauritson, Jim"]
[Result "1-0"]
[WhiteElo "1997"]
[BlackElo "1935"]
[WhiteFideId "-1"]
[WhiteFideId "-1"]
[PlyCount "121"]
[GameId "2142984842367260"]
[EventDate "2025.01.17"]
[EventType "swiss"]
[EventRounds "4"]
[EventCountry "CAN"]

1. f4 d5 2. Nf3 g6 3. g3 Bg7 4. Bg2 Nf6 5. d3 c5 6. c3 Nc6 7. O-O O-O 8. Na3 Rb8 9. Ne5 Bd7 10. Nxd7 Qxd7 11. e4 e5 12. fxe5 Nxe5 13. Bg5 Ne8 14. exd5 Nd6 15. Bf4 Rfe8 16. Qd2 b5 17. Rae1 c4 18. Bxe5 Rxe5 19. Rxe5 Bxe5 20. dxc4 bxc4 21. Re1 Bg7 22. Qf4 Rc8 23. h4 Qc7 24. Kh2 Qc5 25. Qe3 Qb6 26. Qxb6 axb6 27. Nc2 Kf8 28. Nb4 Ra8 29. Bf1 Re8 30. Rxe8+ Kxe8 31. Kg2 b5 32. Kf3 h5 33. Bh3 Bh6 34. Bf1 Bc1 35. b3 Bd2 36. bxc4 bxc4 37. Nc2 Bxc3 38. Ne3 Bd4 39. Nxc4 Nxc4 40. Bxc4 f6 41. Bd3 g5 42. hxg5 fxg5 43. Bg6+ Kd7 44. Bxh5 Kd6 45. Bf7 Bc3 46. Ke4 Be5 47. g4 Bc3 48. Be8 Bb2 49. Ba4 Bc3 50. Bb3 Bb2 51. Kf5 Bc1 52. a4 Bd2 53. Kf6 Kd7 54. Ke5 Bc3+ 55. Ke4 Kd6 56. Kd3 Be1 57. Kc4 Bd2 58. Kb5 Be3 59. a5 Bf2 60. Ka6 Kc7 61. d6+ 1-0